Statistics for Travis Scott songs

Click here to take the quiz!

General Stats

  • This quiz has been taken 3,007 times
    (2,762 since last reset)
  • The average score is 42 of 86

Answer Stats

Owl Pharaoh% Correct
SICKO MODE
92%
Go
86%
STARGAZING
85%
goosebumps
83%
90210
78%
Antidote
78%
COFFEE BEAN
75%
CAROUSEL
73%
ASTROTHUNDER
72%
BUTTERFLY EFFECT
72%
SKELETONS
70%
3500
69%
CAN'T SAY
69%
Pornography
69%
YOSEMITE
69%
5% TINT
68%
STOP TRYING TO BE GOD
68%
HOUSTONFORNICATION
67%
NO BYSTANDERS
67%
NC-17
65%
WAKE UP
65%
Apple Pie
64%
Maria I'm Drunk
64%
R.I.P. SCREW
64%
Drugs You Should Try It
63%
Nightcrawler
63%
WHO? WHAT!
63%
Oh My Dis Side
62%
pick up the phone
61%
way back
60%
the ends
59%
Mamacita
58%
beibs in the trap
57%
Piss on Your Grave
55%
coordinate
53%
through the late night
53%
wonderful
53%
Pray 4 Love
52%
sweet sweet
52%
Impossible
51%
sdp interlude
51%
Ok Alright
48%
outside
46%
Wasted
46%
lose
45%
Black & Chinese
44%
Dubai Shit
44%
Flying High
44%
I Can Tell
44%
Saint
44%
Upper Echelon
44%
Days Before Rodeo: The Prayer
43%
Quintana
43%
Quintana Pt. 2
43%
guidance
42%
Motorcycle Patches
42%
Skyfall
42%
Modern Slavery
41%
Never Catch Me
41%
Backyard
39%
first take
39%
Don't Play
38%
Huncho Jack
37%
Grey
36%
Hell of a Night
34%
Zombies
34%
Eye 2 Eye
33%
Sloppy Toppy
31%
Basement Freestyle
30%
Moon Rock
30%
BACC
28%
How U Feel
28%
Saint Laurent Mask
27%
Best Man
26%
Where U From
25%
Uptown
24%
Bad Mood / Shit on You
23%
MIA
21%
Bandz
18%
Dance on the Moon
18%
Meadow Creek
18%
Blocka La Flame
17%
Drive
17%
Naked
17%
16 Chapels
15%
Chaz Interlude
15%

Score Distribution

Percentile by Number Answered

Percent of People with Each Score

Your Score History

You have not taken this quiz since the last reset